Drapeaux du monde !!! - Statistiques

Statistiques générales
  • Ce quiz a été pris 119 fois
    67 depuis la dernière actualisation
  • Le résultat moyen est 14 sur 16
Statistiques - réponses
Par images Réponse % Correct
Algérie
100%
Corée du sud
100%
Australie
98%
Chine
98%
Turquie
98%
Inde
97%
Pologne
97%
Nouvelle Zélande
93%
Indonésie
88%
République démocratique du Congo
87%
République Tchèque
85%
Andorre
80%
Chili
78%
Bhoutan
75%
Madagascar
70%
Brunei
52%
Aucun quiz correspondant
Distribution des résultats
% des personnes avec chaque résultat
Percentile par nombre de réponses
Votre historique - résultats
Vous n’avez pas pris ce quiz depuis la dernière actualisation